000 01337nam a22003255i 4500
001 165041
003 ES-MaACL
005 20250824052159.0
008 050809s1877 fr | |||||||| ||fre d
040 _aCAM
_bspa
_cCAM
100 0 _aScribe, Eugène.
_9104966
245 1 4 _aLes adieux au comptoir
_b: ; Le Chateau de la Poularde ; Le bal champêtre ; Le parlementaire ; Coraly ; Monsieur Tardif ; La haine d'une femme /
_cEugène Scribe.
260 _aParis :
_bE. Dentu, libraire-éditeur,
_c1877 (
_fImp. Paul Dupont)
300 _a348, [2] p. ;
_c18 cm.
490 1 _aOeuvres complètes de Eugène Scribe ;
_v22.
_aSecondième série : comédies, vaudevilles. 13
655 0 _aTeatro
_9234794
700 1 _aDentu, E.,
_eed.
_9230064
700 1 _aDupont, Paul,
_eimp.
_946109
740 3 _aLe chateau de la poularde.
740 3 _aLe bal champêtre.
740 3 _aLe parlementaire.
740 0 _aCoraly.
740 0 _aMonsieur Tardif.
740 3 _aLa haine d'une femme.
740 0 _aVatel.
752 _aFrancia -
_dParís
830 0 _aOeuvres complètes de Eugène Scribe ;
_v22.
_aSecondième série : comédies, vaudevilles. 13
_9222410
852 _aES-MaACL
_jC-18559
_z-- Enc. hol., conservando la cub. original
_z-- Enc. al final 8 pp. de propaganda editorial
999 _c165041
_d165041